000 00257nam a2200109Ia 4500
005 20251222141832.0
008 251222s9999||||xx |||||||||||||| ||spa||
082 _a700/C76U
245 0 _aAutomatismos Paralelos:
264 _bComunidad de Madrid
942 _cLIB
999 _c7139
_d7139